|
|
|
|
| LEADER |
00688naa a2200193 i 4500 |
| 001 |
misc39087 |
| 005 |
20200430141511.0 |
| 008 |
180510s1990 hu o 0|| hun d |
| 022 |
|
|
|a 0865-0632
|
| 040 |
|
|
|a SZTE Miscellanea Repozitórium
|b hun
|
| 041 |
|
|
|a hun
|
| 041 |
|
|
|a ger
|
| 100 |
1 |
|
|a Scheiber Sándor
|
| 245 |
1 |
0 |
|a Héber és jiddis kútforrások és adatok Magyarország történetéhez
|h [elektronikus dokumentum] /
|c Scheiber Sándor
|
| 260 |
|
|
|c 1990
|
| 300 |
|
|
|a 18
|
| 490 |
0 |
|
|a Lymbus Művelődéstörténeti Tár
|v 2
|
| 695 |
|
|
|a Szakirodalmi források - zsidóság - Magyarország - 10-18. sz.
|
| 856 |
4 |
0 |
|u http://misc.bibl.u-szeged.hu/39087/1/lym_002_00-018.pdf
|z Dokumentum-elérés
|